President by Inaugural Address Quiz Stats

 Plays Quiz not verified by Sporcle

Challenge
Share
Tweet
Score 0/20 Timer 07:00
0 Plays Today
Inaugural Address Extract President % Correct
44 Americans have now taken the presidential oathBarack Obama
99.4%
Apprehension seems to exist among the people of the Southern StatesAbraham Lincoln
93.7%
Today, a generation raised in the shadows of the Cold War assumes new responsibilities in a world warmed by the sunshine of freedomBill Clinton
86.3%
Not because the Communists may be doing it, not because we seek their votes, but because it is rightJohn F. Kennedy
80.8%
I thank Vice President Gore for a contest conducted with spirit, and ended with grace. George W. Bush
78.7%
Only a few short weeks ago, we shared the glory of man's first sight of the world as God sees itRichard Nixon
77.4%
It confers a common dignity upon the French soldier who dies in Indo-China, the British soldier killed in Malaya, the American life given in KoreaDwight D. Eisenhower
73.3%
President Hoover, Mr. Chief Justice, my friendsFranklin D Roosevelt
72.9%
Kansas shall be admitted as a State it 'shall be received into the Union with or without slavery, as their constitution may prescribe at the time of their admissionJames Buchanan
64.2%
We have emerged from the losses of the Great War and the reconstruction following it with increased virility and strengthHerbert Hoover
60.5%
Inaugural Address Extract President % Correct
The country having just emerged from a great rebellionUlysses S. Grant
57.9%
In company with 16 free nations of Europe, we launched the greatest cooperative economic program in history.Harry S. Truman
53%
As my high school teacher, Miss Julia Coleman, used to say: 'We must adjust to changing times and still hold to unchanging principles.' Jimmy Carter
38.7%
Our own country is leading the world in the general readjustment to the results of the great conflictCalvin Coolidge
37.9%
When it was first perceived, in early times, that no middle course for America remained between unlimited submission to a foreign legislature and a total independence of its claimsJohn Adams
37.2%
Since that period a population of four millions has multiplied to twelve. A territory bounded by the Mississippi has been extended from sea to sea.John Quincy Adams
35.2%
With the Indian tribes it is our duty to cultivate friendly relations and to act with kindness and liberality in all our transactionsJames Monroe
32.4%
Among the vicissitudes incident to life no event could have filled me with greater anxieties than that of which the notification was transmitted by your orderGeorge Washington
31.7%
This is the first time in history that this ceremony has been held, as you have been told, on this West Front of the Capitol.Ronald Reagan
26.2%
Taking care not to confound the powers they have reserved to themselves with those they have granted to the ConfederacyAndrew Jackson
20.2%

You're not logged in!

Compare scores with friends on all Sporcle quizzes.
Join for Free
OR
Log In

You Might Also Like...

Show Comments

Extras

Editor's Pick Nov 29, 2010ReportNominate
Tags:US Presidents Quiz, address, inaugural

Top Quizzes Today


Score Distribution

Your Account Isn't Verified!

In order to create a playlist on Sporcle, you need to verify the email address you used during registration. Go to your Sporcle Settings to finish the process.

Report this User

Report this user for behavior that violates our Community Guidelines.

Details: